Handbook of Illinois Government 1991-1992 (Record no. 2380)
[ view plain ]
| 000 -LEADER | |
|---|---|
| fixed length control field | 00269nam a22001097a 4500 |
| 008 - FIXED-LENGTH DATA ELEMENTS--GENERAL INFORMATION | |
| fixed length control field | 230623b xxu||||| |||| 00| 0 eng d |
| 082 ## - DEWEY DECIMAL CLASSIFICATION NUMBER | |
| Classification number | 328.773 |
| Item number | ILL |
| 100 ## - MAIN ENTRY--PERSONAL NAME | |
| Titles and words associated with a name | George H Ryna |
| 245 ## - TITLE STATEMENT | |
| Title | Handbook of Illinois Government 1991-1992 |
| 300 ## - PHYSICAL DESCRIPTION | |
| Extent | 139p |
| 942 ## - ADDED ENTRY ELEMENTS (KOHA) | |
| Source of classification or shelving scheme | Dewey Decimal Classification |
| Koha item type | Books |
| Withdrawn status | Lost status | Source of classification or shelving scheme | Damaged status | Not for loan | Home library | Current library | Date acquired | Total Checkouts | Full call number | Barcode | Date last seen | Price effective from | Koha item type |
|---|---|---|---|---|---|---|---|---|---|---|---|---|---|
| Dewey Decimal Classification | County Hall Archives | County Hall Archives | 06/23/2023 | 328.773 ILL | 10010956 | 06/23/2023 | 06/23/2023 | Books |
